| 000 | 00000nam 2200000zi 4500 |
| 001 | 9.940568 |
| 003 | CaOODSP |
| 005 | 20250403102725 |
| 006 | m o d f |
| 007 | cr mn||||||||| |
| 008 | 240715t20242024oncd obs f000 0 fre d |
| 020 | |a9780660727752 |
| 040 | |aCaOODSP|bfre|erda|cCaOODSP |
| 043 | |an-cn--- |
| 086 | 1 |aCS75-006/2024-7F-PDF |
| 100 | 1 |aForan, Helen, |eauteur. |
| 245 | 10|aSuivre l’évolution du bien-être au sein de la population canadienne grâce aux données de séries chronologiques / |cpar Helen Foran. |
| 264 | 1|a[Ottawa] : |bStatistique Canada = Statistics Canada, |c2024. |
| 264 | 4|c©2024 |
| 300 | |a1 ressource en ligne (11 pages) : |bgraphiques en couleur. |
| 336 | |atexte|btxt|2rdacontent/fre |
| 337 | |ainformatique|bc|2rdamedia/fre |
| 338 | |aressource en ligne|bcr|2rdacarrier/fre |
| 490 | 1 |aRegards sur la société canadienne, |v2291-0859 |
| 500 | |aTitre de la couverture. |
| 500 | |aPublié aussi en anglais sous le titre : Charting change: how time-series data provides insights on Canadian well-being. |
| 500 | |a« Date de diffusion : le 13 septembre 2024. » |
| 504 | |aComprend des références bibliographiques (page 11). |
| 650 | 6|aSatisfaction|zCanada|vStatistiques. |
| 650 | 6|aQualité de la vie|zCanada|vStatistiques. |
| 650 | 6|aFinances personnelles|zCanada|vStatistiques. |
| 650 | 6|aEnquêtes sociales|zCanada|vStatistiques. |
| 655 | 7|aStatistiques|2rvmgf |
| 710 | 2 |aStatistique Canada, |eorganisme de publication. |
| 775 | 08|tCharting change : |w(CaOODSP)9.940567 |
| 830 | #0|aRegards sur la société canadienne (Statistique Canada)|w(CaOODSP)9.503798 |
| 856 | 40|qPDF|s515 Ko|uhttps://publications.gc.ca/collections/collection_2024/statcan/75-006-x/75-006-2024-7-fra.pdf |
| 856 | 4 |qHTML|sS.O.|uhttps://www150.statcan.gc.ca/n1/pub/75-006-x/2024001/article/00007-fra.htm |
| 986 | |a75‑006‑X |